[Event "Sofia Spring op 1st"]
[Site "Sofia"]
[Date "2025.05.25"]
[Round "4"]
[White "Sertbay, Huseyin"]
[Black "Mladenov, Ilian"]
[Result "1-0"]
[WhiteElo "2112"]
[BlackElo "2237"]
[PlyCount "139"]
[EventDate "2025.05.23"]
[EventType "swiss"]
[EventRounds "9"]
[EventCountry "BUL"]
[SourceTitle "CB23_2025"]
[SourceDate "2025.06.04"]
[SourceVersion "1"]
[SourceVersionDate "2025.06.04"]
[SourceQuality "1"]

1. d4 Nf6 2. c4 g6 3. f3 c5 4. d5 Bg7 5. e4 d6 6. Ne2 e6 7. Nec3 0-0 8. Be2 exd5 9. cxd5 Na6 10. 0-0 Nc7 11. Bg5 h6 12. Be3 Re8 13. Qd2 Kh7 14. a4 b6 15. Na3 a6 16. Nc4 Rb8 17. Bf4 Bf8 18. e5 Nfxd5 19. Nxd5 dxe5 20. Nxc7 Qxc7 21. Be3 b5 22. axb5 axb5 23. Na3 c4 24. Nc2 Be6 25. Ra7 Rb7 26. Rfa1 Reb8 27. Qa5 Rxa7 28. Qxa7 Rb7 29. Qa5 b4 30. Qxc7 Rxc7 31. Bd2 c3 32. bxc3 bxc3 33. Bc1 Bb3 34. Ne3 Bc5 35. Kf1 Bd4 36. Ra3 Be6 37. Bd3 Rb7 38. Ke2 Bb3 39. Nc2 Bc5 40. Ra5 Rc7 41. Ba3 Bxa3 42. Rxa3 Rb7 43. Ra5 Re7 44. Rc5 f5 45. Rxc3 Bd5 46. Ne3 Bb7 47. Bb5 h5 48. Rd3 f4 49. Nd5 Re6 50. Nf6+ Kh6 51. Ne4 Rb6 52. Rb3 Bc6 53. Bc4 Rxb3 54. Bxb3 g5 55. Bc2 g4 56. Nc5 Kg5 57. Be4 Bb5+ 58. Kf2 Kf6 59. h4 gxh3 60. gxh3 Kg5 61. Nd3 Bxd3 62. Bxd3 Kh4 63. Bf5 Kg5 64. Bd7 Kh4 65. Ke2 Kg3 66. Be8 h4 67. Bd7 e4 68. fxe4 f3+ 69. Kf1 Kf4 70. Bf5 1-0

[Event "Paracin op 16th"]
[Site "Paracin"]
[Date "2023.07.07"]
[Round "1"]
[White "Stoyanov, Viktor"]
[Black "Sertbay, Huseyin"]
[Result "1-0"]
[WhiteElo "2258"]
[BlackElo "2018"]
[PlyCount "53"]
[EventDate "2023.07.07"]
[EventType "swiss"]
[EventRounds "9"]
[EventCountry "SRB"]
[SourceTitle "EXT 2024"]
[Source "ChessBase"]
[SourceDate "2023.10.10"]
[SourceVersion "1"]
[SourceVersionDate "2023.10.10"]
[SourceQuality "1"]

1. d4 Nf6 2. Nf3 e6 3. c4 d5 4. g3 Bb4+ 5. Nbd2 0-0 6. Bg2 b6 7. 0-0 Bb7 8. Ne5 Nbd7 9. cxd5 Nxe5 10. dxe5 Nxd5 11. Ne4 Be7 12. h4 h6 13. Qb3 c5 14. Rd1 Qc7 15. Nd6 Ba6 16. e4 Nb4 17. Bf4 Nc6 18. Qa3 Be2 19. Rd2 g5 20. hxg5 hxg5 21. Rxe2 gxf4 22. gxf4 Rfd8 23. Nb5 Qd7 24. Qg3+ Kf8 25. Qh3 f5 26. exf5 exf5 27. Qh6+ 1-0

[Event "Zuerich op 43rd"]
[Site "Zuerich"]
[Date "2019.12.26"]
[Round "1"]
[White "Grover, Sahaj"]
[Black "Sertbay, Huseyin"]
[Result "1-0"]
[WhiteElo "2508"]
[BlackElo "2106"]
[PlyCount "63"]
[EventDate "2019.12.26"]
[EventType "swiss"]
[EventRounds "7"]
[EventCountry "SUI"]
[SourceTitle "CBM 194 Extra"]
[Source "ChessBase"]
[SourceDate "2020.03.31"]
[SourceVersion "1"]
[SourceVersionDate "2020.03.31"]
[SourceQuality "1"]

1. d4 Nf6 2. c4 c5 3. d5 e5 4. Nc3 d6 5. e4 Nbd7 6. Bd3 Be7 7. Nge2 Nf8 8. Ng3 Ng6 9. Nf5 0-0 10. Qf3 Ne8 11. h4 Bf6 12. Ne2 Bxf5 13. exf5 e4 14. Qxe4 Ne5 15. Bc2 Nc7 16. g4 Re8 17. g5 Nc6 18. Qg4 Nd4 19. Be4 Nxe2 20. Kxe2 Bd4 21. Kf3 Qd7 22. h5 b5 23. cxb5 Rxe4 24. Qxe4 Re8 25. Qg4 Nxd5 26. Kg2 Qxb5 27. Qf3 Qc4 28. Bd2 Bxf2 29. b3 Qe2 30. Qxf2 Qg4+ 31. Kf1 Re5 32. Rh4 1-0

[Event "Riga RTU rapid op"]
[Site "Riga"]
[Date "2019.07.04"]
[Round "2"]
[White "Suleymenov, Alisher"]
[Black "Sertbay, Huseyin"]
[Result "1-0"]
[WhiteElo "2348"]
[BlackElo "2016"]
[PlyCount "107"]
[EventDate "2019.07.04"]
[EventType "swiss (rapid)"]
[EventRounds "9"]
[EventCountry "LAT"]
[SourceTitle "EXT 2020"]
[Source "ChessBase"]
[SourceDate "2019.10.17"]
[SourceVersion "1"]
[SourceVersionDate "2019.10.17"]
[SourceQuality "1"]

1. d4 Nf6 2. c4 c5 3. d5 e5 4. Nc3 d6 5. e4 Nbd7 6. Nf3 Be7 7. h3 Nf8 8. Be3 Ng6 9. Be2 0-0 10. 0-0 h6 11. a3 Nh7 12. b4 b6 13. Rb1 Ng5 14. bxc5 bxc5 15. Rb2 Nxf3+ 16. Bxf3 Bg5 17. Qd2 Bf4 18. Ne2 Qg5 19. Kh1 Bxe3 20. Qxe3 Qxe3 21. fxe3 Ba6 22. Rfb1 Bxc4 23. Nc3 Nh4 24. Rb7 Nxf3 25. gxf3 Ba6 26. R7b2 f5 27. Kg2 fxe4 28. fxe4 Rf6 29. Rb8+ Rxb8 30. Rxb8+ Rf8 31. Rb2 Kh7 32. a4 Kg6 33. Kg3 Bd3 34. Rb7 Rf7 35. Rb8 Kh5 36. Rd8 Rf6 37. Rd7 a6 38. Rxg7 Rg6+ 39. Rxg6 Kxg6 40. Kh4 Bc2 41. a5 Bd3 42. Kg4 Bc2 43. Kf3 Kh5 44. Nb5 c4 45. Nxd6 c3 46. Nc4 Bb3 47. Nxe5 Bc4 48. d6 c2 49. d7 c1Q 50. d8Q Qf1+ 51. Kg3 Qg1+ 52. Kf4 Qf2+ 53. Nf3 Bf7 54. Qf6 1-0

[Event "Hofheim Spring op 7th"]
[Site "Hofheim"]
[Date "2019.04.26"]
[Round "6"]
[White "Sertbay, Huseyin"]
[Black "Ochs, Daniel Elias"]
[Result "1-0"]
[WhiteElo "2032"]
[BlackElo "1896"]
[PlyCount "61"]
[EventDate "2019.04.23"]
[EventType "swiss"]
[EventRounds "9"]
[EventCountry "GER"]
[SourceTitle "CBM 190 Extra"]
[Source "ChessBase"]
[SourceDate "2019.07.15"]
[SourceVersion "1"]
[SourceVersionDate "2019.07.15"]
[SourceQuality "1"]

1. d4 d5 2. Nf3 Nf6 3. c4 e6 4. Nc3 Bb4 5. Qa4+ Nc6 6. a3 Bxc3+ 7. bxc3 Bd7 8. Qc2 dxc4 9. e4 b5 10. Be2 h6 11. a4 a6 12. Ba3 Ne7 13. Ne5 0-0 14. 0-0 Re8 15. f4 Nc6 16. Rf3 b4 17. Bxb4 Nxb4 18. cxb4 Bxa4 19. Rxa4 Qxd4+ 20. Kh1 Nxe4 21. Bxc4 Nd6 22. Bd3 f5 23. b5 Qb6 24. bxa6 Ne4 25. Bxe4 fxe4 26. Rb3 Qd6 27. a7 c5 28. h3 Re7 29. Rb8+ Rxb8 30. axb8Q+ Qxb8 31. Nc6 1-0

[Event "Paracin Petrus 1st"]
[Site "Paracin"]
[Date "2018.05.05"]
[Round "6"]
[White "Sertbay, Huseyin"]
[Black "Ivic, Matija"]
[Result "0-1"]
[WhiteElo "2020"]
[BlackElo "2266"]
[PlyCount "50"]
[EventDate "2018.05.01"]
[EventType "tourn"]
[EventRounds "9"]
[EventCountry "SRB"]
[EventCategory "2"]
[SourceTitle "CBM 184 Extra"]
[Source "ChessBase"]
[SourceDate "2018.06.28"]
[SourceVersion "1"]
[SourceVersionDate "2018.06.28"]
[SourceQuality "1"]

1. d4 Nf6 2. c4 e6 3. Nf3 b6 4. g3 Ba6 5. Qc2 Bb4+ 6. Bd2 Be7 7. Bg2 d5 8. Ne5 0-0 9. 0-0 c6 10. e3 Nfd7 11. Nxd7 Nxd7 12. b3 Rc8 13. Rc1 c5 14. dxc5 Nxc5 15. Bc3 dxc4 16. bxc4 Bxc4 17. Nd2 Bd3 18. Qd1 Bf6 19. Nb3 e5 20. Qg4 a5 21. Bb2 e4 22. Bxf6 Qxf6 23. Nxc5 Rxc5 24. Bxe4 Rc2 25. f3 Qb2 0-1

[Event "Paracin Petrus 1st"]
[Site "Paracin"]
[Date "2018.05.04"]
[Round "5"]
[White "Sredojevic, Ivan"]
[Black "Sertbay, Huseyin"]
[Result "1-0"]
[WhiteElo "2320"]
[BlackElo "2020"]
[PlyCount "89"]
[EventDate "2018.05.01"]
[EventType "tourn"]
[EventRounds "9"]
[EventCountry "SRB"]
[EventCategory "2"]
[SourceTitle "CBM 184 Extra"]
[Source "ChessBase"]
[SourceDate "2018.06.28"]
[SourceVersion "1"]
[SourceVersionDate "2018.06.28"]
[SourceQuality "1"]

1. b3 d5 2. Nf3 Nf6 3. Bb2 Bg4 4. Ne5 Bf5 5. e3 e6 6. g4 Be4 7. f3 Nxg4 8. Nxg4 Qh4+ 9. Nf2 Bf5 10. Qe2 Nc6 11. d3 0-0-0 12. a3 e5 13. Nd2 Bc5 14. b4 Bd6 15. 0-0-0 Rhe8 16. c4 dxc4 17. dxc4 a5 18. b5 Nb8 19. Nde4 Bf8 20. Rxd8+ Rxd8 21. Bg2 Be6 22. Rd1 Rxd1+ 23. Nxd1 f5 24. Nd2 Qxh2 25. f4 e4 26. Nb3 c5 27. Nxa5 Nd7 28. Nb3 Nb6 29. Nd2 h6 30. Qf1 Qg3 31. Bh3 Qg6 32. Bc3 Qf7 33. Nb2 Kb8 34. a4 g5 35. fxg5 hxg5 36. a5 Nc8 37. Be5+ Ka7 38. Nxe4 g4 39. Ng5 Qg8 40. Bg2 Qxg5 41. b6+ Ka6 42. Bxb7+ Kxa5 43. Qd3 Kxb6 44. Qb3+ Ka7 45. Bc6 1-0

[Event "Paracin Petrus 1st"]
[Site "Paracin"]
[Date "2018.05.02"]
[Round "2"]
[White "Sertbay, Huseyin"]
[Black "Djordjevic, Vuk D"]
[Result "0-1"]
[WhiteElo "2020"]
[BlackElo "2385"]
[PlyCount "68"]
[EventDate "2018.05.01"]
[EventType "tourn"]
[EventRounds "9"]
[EventCountry "SRB"]
[EventCategory "2"]
[SourceTitle "CBM 184 Extra"]
[Source "ChessBase"]
[SourceDate "2018.06.28"]
[SourceVersion "1"]
[SourceVersionDate "2018.06.28"]
[SourceQuality "1"]

1. d4 Nf6 2. c4 e6 3. Nf3 b6 4. g3 Ba6 5. Qc2 Bb7 6. Bg2 c5 7. 0-0 cxd4 8. Nxd4 Bxg2 9. Kxg2 Qc8 10. b3 Be7 11. Nd2 0-0 12. e4 d6 13. Rd1 Rd8 14. f3 Nbd7 15. Nf1 a6 16. Ne3 Qb7 17. Bb2 Rac8 18. Qe2 Ne8 19. Rac1 Rc7 20. b4 Rdc8 21. Nb3 Ne5 22. a3 Nf6 23. c5 bxc5 24. Bxe5 dxe5 25. Nxc5 Bxc5 26. Rxc5 Rxc5 27. bxc5 h6 28. Rc1 Nd7 29. Rc4 Rxc5 30. Rxc5 Nxc5 31. Qc2 Qb5 32. Qc4 Qb2+ 33. Nc2 Nb3 34. Qe2 Na1 0-1

[Event "TUR Cup"]
[Site "Antalya"]
[Date "2017.01.31"]
[Round "6"]
[White "Aslanhan, Halis"]
[Black "Sertbay, Huseyin"]
[Result "1-0"]
[WhiteElo "1771"]
[BlackElo "2080"]
[PlyCount "73"]
[EventDate "2017.01.28"]
[EventType "swiss"]
[EventRounds "11"]
[EventCountry "TUR"]
[SourceTitle "CBM 176 Extra"]
[Source "ChessBase"]
[SourceDate "2017.03.02"]
[SourceVersion "1"]
[SourceVersionDate "2017.03.02"]
[SourceQuality "1"]

1. e4 c5 2. Nc3 e6 3. Nge2 Nc6 4. d4 cxd4 5. Nxd4 Nf6 6. a3 d5 7. Nxc6 bxc6 8. exd5 exd5 9. Bd3 Bg4 10. Be2 Bf5 11. Bf3 Be7 12. 0-0 0-0 13. Re1 Re8 14. Bf4 Qb6 15. Na4 Qa6 16. b3 Ne4 17. Qe2 Qa5 18. Bxe4 Bf6 19. Bd2 Qc7 20. Bc3 Rxe4 21. Qd2 Rh4 22. g3 Rh6 23. Bxf6 Rxf6 24. Nc5 Bg4 25. Qe3 h5 26. Qe7 Qc8 27. Re5 h4 28. Rae1 h3 29. a4 a5 30. f4 Qb8 31. Qe8+ Qxe8 32. Rxe8+ Rxe8 33. Rxe8+ Kh7 34. b4 g5 35. bxa5 gxf4 36. gxf4 Rxf4 37. a6 1-0

[Event "TUR Cup"]
[Site "Antalya"]
[Date "2017.01.31"]
[Round "5"]
[White "Sertbay, Huseyin"]
[Black "Saka, Irfan"]
[Result "0-1"]
[WhiteElo "2080"]
[BlackElo "1835"]
[PlyCount "90"]
[EventDate "2017.01.28"]
[EventType "swiss"]
[EventRounds "11"]
[EventCountry "TUR"]
[SourceTitle "CBM 176 Extra"]
[Source "ChessBase"]
[SourceDate "2017.03.02"]
[SourceVersion "1"]
[SourceVersionDate "2017.03.02"]
[SourceQuality "1"]

1. d4 d5 2. c4 e6 3. Nf3 Nf6 4. e3 c6 5. Nbd2 Nbd7 6. Bd3 Be7 7. 0-0 0-0 8. Re1 a6 9. e4 dxe4 10. Nxe4 Nxe4 11. Bxe4 Nf6 12. Bc2 c5 13. Bg5 Qc7 14. Qd3 g6 15. dxc5 Qxc5 16. Qc3 Ng4 17. Bxe7 Qxe7 18. Qd4 Nh6 19. Rad1 f6 20. Qb6 Nf7 21. Be4 a5 22. Bd5 Ra6 23. Qb3 Qc5 24. Be4 Nd6 25. Bd3 e5 26. Qc2 Kg7 27. h4 Bg4 28. Be2 Bf5 29. Qb3 Rb6 30. Rd5 Rxb3 31. Rxc5 Rxb2 32. Rxa5 Rc8 33. c5 Ne4 34. Bd3 Rxc5 35. Rxc5 Nxc5 36. Bxf5 gxf5 37. h5 Kh6 38. Nh4 Kg5 39. g3 Ne4 40. h6 Nxf2 41. Rf1 Nh3+ 42. Kh1 f4 43. Nf3+ Kxh6 44. g4 e4 45. Nd4 Kg5 0-1